|
|
|
|
| LEADER |
00000nab a2200000 a 4500 |
| 001 |
vtls009008245 |
| 003 |
SK-MaSNL |
| 005 |
20260303065512.0 |
| 008 |
140429c2007 xo qr|p|||||||000 b|slo |
| 015 |
|
|
|a SNBRB2007/07
|2 snkbucl
|
| 038 |
|
|
|a SNKBUCL
|
| 040 |
|
|
|a SNKBUCL
|b slo
|c SNKBUCL
|e AACR2
|
| 041 |
0 |
|
|a slo
|
| 044 |
|
|
|a xo
|c SK
|
| 080 |
|
|
|a 82.09:821.162.4-93
|x (048)
|2 2001
|
| 080 |
|
|
|a 821.162.4-93
|x (048)
|2 2001
|
| 080 |
|
|
|a 821.162.4-32
|x (0.053.2)
|x (048)
|2 2001
|
| 100 |
1 |
|
|a Rusňák, Radoslav,
|d 1978-
|4 aut
|9 197534
|
| 245 |
1 |
0 |
|a Peter Gajdošík: Zverinec na siedmom poschodí
|c Radoslav Rusňák
|
| 650 |
0 |
7 |
|a príbehové prózy, slovenské
|x recenzie
|2 snkbucl
|9 70426
|
| 655 |
|
7 |
|a recenzie
|2 snkbucl
|9 21907
|
| 773 |
0 |
|
|t Bibiana
|g Roč. XIV, č. 2 (2007), s. 60-62
|x 1335-7263
|
| 787 |
0 |
8 |
|i Rec.:
|a Gajdošík, Peter
|t Zverinec na siedmom poschodí
|d Bratislava : Slovart, 2006
|z 8080852138
|
| 852 |
|
|
|a SNK
|b KIS3GCP
|
| 958 |
|
|
|a LX
|
| 958 |
|
|
|a SK
|
| 958 |
|
|
|a RC
|
| 999 |
|
|
|c 1751449
|d 1753379
|